5HLuxD.jpg

KING HENRY VIII SENIOR AND PRIMARY SCHOOL LIBRARY OPAC

THE LOST MAGICIAN (Record no. 6038)

000 -LEADER
fixed length control field 00913nam a22002057a 4500
005 - DATE AND TIME OF LATEST TRANSACTION
control field 20260127163628.0
008 - FIXED-LENGTH DATA ELEMENTS--GENERAL INFORMATION
fixed length control field 260127b ||||| |||| 00| 0 eng d
020 ## - INTERNATIONAL STANDARD BOOK NUMBER
International Standard Book Number 9781784294502
040 ## - CATALOGING SOURCE
Transcribing agency KH8
082 ## - DEWEY DECIMAL CLASSIFICATION NUMBER
Classification number 823.92
100 ## - MAIN ENTRY--PERSONAL NAME
Personal name TORDAY,PIERS
Relator term AUTHOR
245 ## - TITLE STATEMENT
Title THE LOST MAGICIAN
260 ## - PUBLICATION, DISTRIBUTION, ETC.
Place of publication, distribution, etc. Carmelite House, 50 Victoria Embankment,London EC4Y 0DZ
Name of publisher, distributor, etc. Hodder and Stoughton
Date of publication, distribution, etc. 2018
300 ## - PHYSICAL DESCRIPTION
Extent 329 pages
Other physical details illustration
Dimensions 13 cm x 20 cm
520 ## - SUMMARY, ETC.
Summary, etc. They have survived the Blitz, but when Simon, Patricia, Evelyn and Larry step through a mysterious library door, it is the beginning of their most dangerous adventure yet. They discover the magical world of Folio, where an enchanted kingdom of fairy knights, bears and tree gods is under threat from a sinister robot army. -Library Thing-
650 ## - SUBJECT ADDED ENTRY--TOPICAL TERM
Topical term or geographic name entry element Juvenile Fiction
Form subdivision Magical World
655 ## - INDEX TERM--GENRE/FORM
Genre/form data or focus term Fantasy
655 ## - INDEX TERM--GENRE/FORM
Genre/form data or focus term Adventure
942 ## - ADDED ENTRY ELEMENTS (KOHA)
Source of classification or shelving scheme
Koha item type Books - Fiction
Holdings
Withdrawn status Lost status Source of classification or shelving scheme Damaged status Not for loan Collection code Permanent Location Current Location Shelving location Date acquired Full call number Barcode Date last seen Price effective from Koha item type Public note
          Fiction KH8 Primary School Library KH8 Primary School Library Fiction 2026-01-27 823.92 TOR KHPL000008255 2026-01-27 2026-01-27 Books - Fiction PRIMARY LIBRARY

Powered By KH8 IT Dept